000 00206nam a2200109Ia 4500
100 _a#N/A
942 _cBK
654 _asun java
245 _aSun Java Studio Creator
260 _b#N/A
546 _aENGLISH
999 _c23816
_d23816